Muñecos : la escritura por el dibujo, la lectura por la escritura

Gespeichert in:
Bibliographische Detailangaben
1. Verfasser: Ortiz Such, Juan
Format: Buch
Sprache:Spanisch
Erschienen: Madrid : Estudio, Viuda de Juan Ortíz, [19--?]
Katalog:MANES:  Suchergebnis im Bibliothekskatalog
Schulbuchspezifische Eigenschaften:
Tags: Tag hinzufügen
Keine Tags, Fügen Sie den ersten Tag hinzu!
Hinzugefügt zu:09.02.2019
Geändert in:07.05.2025

MARC

LEADER 00000cam a2200000 4500
005 20250507134553.0
008 190210q19uu espa 0000 00spa0d
040 |a uned  |b spa  |c entro-manes 
100 1 |a Ortiz Such, Juan  |9 36738 
245 1 0 |a Muñecos :  |b la escritura por el dibujo, la lectura por la escritura /  |c por J. Ortiz 
260 |a Madrid :   |b Estudio, Viuda de Juan Ortíz,   |c [19--?] 
300 |a 60 p. :   |b il. 
546 |a EspañaEscritura y Lectura 
561 |5 es-BUNED  |3 L.T. 1554  |a España. Fondo Manes UNED  |k MANES 
690 0 |a EyL  |a EA 
691 0 |a PRI 
942 |2 ddc  |c BK 
999 |c 97543  |d 97543 
999 |c manes:97543  |d 97543